| 000 | 00534nam a22001937a 4500 | ||
|---|---|---|---|
| 005 | 20260217110854.0 | ||
| 008 | 260217b |||||||| |||| 00| 0 eng d | ||
| 020 | _a0-13-140208-0 | ||
| 050 | _aQD 33 .M 36 2004 | ||
| 100 | _aMcMURRY, JOHN | ||
| 245 | _aCHEMISTRY | ||
| 250 | _a4TH | ||
| 260 |
_aUPPER SADDLE RIVER, NEW JERSEY, _bPEARSON PRENTICE HALL, _c2004, |
||
| 300 | _aXXVii, 1070 P, ILL | ||
| 500 | _aINCLUDES BIBLIOGRAPHICAL REFERENCES AND INDEX | ||
| 650 | _aChemistry | ||
| 700 | _aFAY ROBERT C | ||
| 942 |
_2lcc _cBK |
||
| 999 |
_c216584 _d216584 |
||